00728nam a2200205 a 450000100060000000300060000600500170001200800410002903500300007004000290010004100080012908200230013710000340016024500810019426000380027530000510031350000230036450400660038765000690045327081UkOxU20211209051117.0930406s1967 enkbcf b 001 0 eng d aOCLC 05339392 from ato005 aDLCcTRIdm.c.dEQObeng aeng a959.704bFAH 19671 aFall, Bernard B.,d1926-1967.10aHell in a very small place :bthe siege of Dien Bien Phu /cBernard B. Fall. aLondon :bPall Mall Press,c1967. axix, 515 p., 32 p. of plates :bill. ;c23 cm. aMaps on endpapers. aIncludes bibliographical references (p. [491]-492) and index. 0aDien Bien Phu, Battle of, Điện Biên Phủ, Vietnam, 1954.